000 00580nam a2200181Ia 4500
008 100917s9999 xx 000 0 und d
082 _b49513
100 _aसावरकर प्रकाश
245 _aगेले द्यायचे राहून
260 _bगौरी प्रकाशन
_c1981
300 _a175
365 _b20
520 _aकादंबरी
630 _aगेले द्यायचे राहून
650 _aकादंबरी
730 _aगेले द्यायचे राहून
942 _cBOOK
999 _c654907
_d654904